000 00185 a2200097 4500
001 12053
100 _aEbon,M
245 _aMalenkou
260 _a
_bWeidenfeld
_c
090 _c9305
_d9305
942 _aNUST-CAE
_cM
_c36162
999 _c247126
_d247126